Biblioteca

La teología como compañía, memoria y profecía : (Registro nro. 71015)

Detalles MARC
000 -LÍDER
Campo fijo de descripción fija 02055nam a2200349 i 4500
001 - NÚMERO DE CONTROL
Campo de control 768714001
003 - IDENTIFICADOR DEL NÚMERO DE CONTROL
Campo de control CO-MdFUSB
005 - FECHA Y HORA DE LA ULTIMA TRANSACCIÓN
control field 20260319151315.0
007 - CAMPO FIJO DE DESCRIPCIÓN FIJA--INFORMACIÓN GENERAL
Campo fijo de descripción fija ta
008 - ELEMENTOS DE LONGITUD FIJA -- INFORMACIÓN GENERAL
Campo fijo de descripción fija -- Información general 241002t1990 sp ||||| |||| 001 0 spa d
020 ## - NÚMERO INTERNACIONAL NORMALIZADO PARA LIBROS
Número Internacional Normalizado del libro 84-301-1115-8
040 ## - FUENTE DE CATALOGACIÓN
Idioma de catalogación spa.
Agencia de catalogación original CO-MdFUSB
Agencia que realiza la transcripción CO-MdFUSB
Agencia que realiza la modificación CO-MdFUSBC
Convenciones de la descripción rda
041 ## - CÓDIGO DE IDIOMA
Código de idioma para texto/pista de sonido o título separado spa
Código de idioma original ita
082 ## - NÚMERO DE CLASIFICACIÓN DECIMAL DEWEY
Número de la edición del Dewey 23
Número de clasificación 230.01
Clave de autor-Numero de item F737
100 ## - ASIENTO PRINCIPAL--NOMBRE PERSONAL
Nombre personal Forte, Bruno,
Fechas asociadas con el nombre 1949-
Término relacionador autor
240 ## - TITULO UNIFORME
Título uniforme <a href="La teologia come compagnia, memoria e profezia.">La teologia come compagnia, memoria e profezia.</a>
245 14 - TÍTULO
Título del Material La teología como compañía, memoria y profecía :
Parte restante del título - Subtitulo introducción al sentido y el método de la teología como historia
Mención de responsabilidad, etc. / Bruno Forte ; traducido por Alfonso Ortiz García
264 #1 - PRODUCCIÓN, PUBLICACIÓN, DISTRIBUCIÓN, MANUFACTURA, Y COPYRIGHT
Nombre del productor, publicador, distribuidor Sígueme,
Lugar de producción, publicación, distribución, manufactura Salamanca, España :
Fecha de producción, publicación, distribución, manufactura, o copyright [1990]
264 #4 - PRODUCCIÓN, PUBLICACIÓN, DISTRIBUCIÓN, MANUFACTURA, Y COPYRIGHT
Fecha de producción, publicación, distribución, manufactura, o copyright ©1990
300 ## - DESCRIPCIÓN FÍSICA
Extensión 222 páginas
Dimensiones ; 21 cm
336 ## - TIPO DE CONTENIDO
Fuente rdacontent
Término de tipo de contenido texto
Código de tipo de contenido txt
337 ## - TIPO DE MEDIO
Fuente rdamedia
Nombre del tipo de medio sin mediación
Código del tipo de medio n
338 ## - TIPO DE SOPORTE
Fuente rdacarrier
Nombre del tipo de soporte volumen
Código Tipo de soporte nc
490 ## - MENCIÓN DE SERIE
Mención de serie Verdad e imagen,
500 ## - NOTA GENERAL
Nota General Incluye índice de nombres, índice general
505 ## - NOTA DE CONTENIDO
Información miscelánea I:
Título Compañía.
Nota de contenido con formato preestablecido La pregunta sobre el sentido: el reto de los contextos: la teología entre la posmodernidad y el reverso de la historia, el reto de lo humano: la teología entre el futuro, el sufrimiento y el amor, el reto del Dios vivo: la teología entre la santa inquietud y la compañía de la fe.
Información miscelánea II:
Título Memoria:
Nota de contenido con formato preestablecido La historia de la forma: teología fontal: el nuevo testamento, teología simbólica: la época patrística, teología dialéctica: la época escolástica, teología histórica: la edad moderna y contemporánea.
Información miscelánea III:
Título Profecía:
Nota de contenido con formato preestablecido La teología como historia: el Espíritu y la esposa: sujeto, objeto y finalidad de la teología, el pensamiento de la compañía: «docta caritas», la memoria viva de la Palabra: «docta fides», la forma de la profecía: «docta spes», epiclesis y doxología: la existencia teológica.
563 ## - NOTA DE ENCUADERNACIÓN
Nota de encuadernación Rústica
650 #7 - ASIENTO SECUNDARIO DE MATERIA - TERMINO TEMÁTICO
Término temático o nombre geográfico como elemento de entrada Teología dogmática
Subdivisión de forma Historia
Fuente del encabezamiento o término embne
9 (RLIN) 6938
700 ## - ASIENTO SECUNDARIO - NOMBRE PERSONAL
Nombre personal Ortiz García, Alfonso
9 (RLIN) 6068
Responsabilidad traductor
942 ## - TIPO DE MATERIAL (KOHA)
Tipo de Item KOHA Libros General
945 ## - INFORMACIÓN LOCAL DEL REGISTRO
Catalogador Catherine Arias Alvarez
Existencias
Estado de Material Estado de Perdido Forma de Clasificación Volumen-Parte/Tomo Estado de Dañado No para Préstamo Colección Tomo Biblioteca de Origen Biblioteca Permanente Fecha de Adquisición Área Total de Préstamos Signatura Topográfica Código de Barras Última vez visto Ejemplar/Existencia Fecha de Remplazo Tipo de Material
    Dewey Decimal Classification       Colección General   Biblioteca FUSBC Biblioteca FUSBC 02/10/2024 TEOLOGÍA CRISTIANA   G 230.01 F737t 25087 02/10/2024 Ej. 1 02/10/2024 Libros General

Biblioteca FUSBC | Teléfono: (57+4) 349 88 10 Ext. 141| WhatsApp (+57) 3005338115 
E-mail: biblioteca@unisbc.edu.co | Calle 76 87-14 Robledo Palenque, Medellín, Colombia

Con tecnología Koha